| 000 | 00894cam a2200229 i 4500 | ||
|---|---|---|---|
| 001 | 000006521 | ||
| 005 | 20200929153938.0 | ||
| 008 | 800102s1976 ve b 000 0 spa | ||
| 040 |
_aDO-SdBNP _bspa _cBNPHU |
||
| 082 |
_a985.02 _bV422c |
||
| 100 | 1 |
_aVega, Garcilaso de la, _d1539-1616. _98821 |
|
| 245 | 1 | 0 |
_aComentarios reales de los Incas / _cInca Garcilaso de la Vega ; prólogo, edición y cronología, Aurelio Miro Quesada. |
| 260 |
_aCaraca, Venezuela : _bBiblioteca Ayacucho, _c1976. |
||
| 300 |
_a2 v. ; _c24 cm. |
||
| 490 | 1 |
_aBiblioteca Ayacucho ; _v5-6 |
|
| 500 | _aFirst published under title: Primera parte de los Comentarios reales. | ||
| 504 | _aBibliografía | ||
| 650 | 4 |
_aIncas. _xHistoria _93123 |
|
| 651 | 4 |
_aPerú _xHistoria _y1548. _918100 |
|
| 700 | 2 |
_aMiro Quesada S., Aurelio _q(Miro Quesada Sosa), _d1907- _918101 |
|
| 830 | 0 |
_aBiblioteca Ayacucho (Caracas) ; _v5-6. _918102 |
|
| 999 |
_c6312 _d6312 |
||